000 00621nam a2200217Ia 4500
005 20250508165015.0
008 008 250505s9999 xx 000 0 eng d
020 _a0-582-55271-0
037 _aTextual
040 _aFEDL
_beng
_cFEDL
041 _aeng
_2eng
084 _a401.93, FOS
_qFEDL
100 _aFoster Susan H
_9779686
245 0 _aCommunicative competence of young children: A modular approach
260 _aLondon, UK
_bLongmans, Green and Co.
_c1990
300 _axvi,238p.
365 _aGBP
_b9.95
546 _aMACESE
942 _cTEXL
_h401.93, FOS
999 _c1392622
_d1392622